000 00294nam a22001217a 4500
008 170621b xxu||||| |||| 00| 0 eng d
041 _aeng
080 _a94
100 _a16
101 _aSHH
245 _aDEATH IN THE AIR: GLOBALISM, TERRORISM& TOXIC WARFARE
_cHOROWITZ,L.G
942 _2udc
_cBK
999 _c18457
_d18457